| 000 | 00829nam a2200205Ii 4500 | ||
|---|---|---|---|
| 003 | JO-AjNU | ||
| 008 | 230605s9999||||xx |||||||||||||| ||und|| | ||
| 040 |
_aJO-AjNU _bara _erda _cJO-AjNU |
||
| 041 | _aara | ||
| 050 | 1 | 4 | _aBP166.73.I2622 1986 |
| 100 | 3 |
_aالقرشي، أبي بكر عبد الله بن محمد بن عبيد ابن أبي الدنيا ، تحقيق: المعتصم بالله هريرة، مصطفى بن علي بن عوض, _eauthor _97914 |
|
| 245 | 0 | 0 | _aمحاسبة النفس والإزراء عليها |
| 250 | _aط1 | ||
| 264 | 3 | 1 | _aبيروت: دار الكتب العلمية، 1986 |
| 300 | _a139ص | ||
| 336 |
_atext _btxt _2rdacontent |
||
| 337 |
_aunmediated _bn _2rdamedia |
||
| 338 |
_avolume _bnc _2rdacarrier |
||
| 650 | 4 |
_aالنفس في الاسلام- النفس في القرآن _97915 |
|
| 999 |
_aA520 _c4088 _d4088 |
||